Kluby które wygrały ligę mistrzów.-Nagła śmierć - Statystyki

Ogólne statystyki
  • Ten quiz został rozwiązany 152 razy
  • Średni wynik to 15 z 23
Answers on the Grid
Answers color-coded by a green-red scale on the quiz's grid according to % correct below.
Real Madryt
Rangers
Celtic
FC Barcelona
CFR Cluj
Tottenham Hotspur
Manchester City
Manchester united
AC Milan
Legia Warszawa
Inter Mediolan
FC Astana
Spartak Moskwa
CSKA Moskwa
Dinamo Zagrzeb
FCSB
Omonia Nikozja
Crvena Zvezda
Olympiakos
AEK Ateny
Bayern Monachium
Borussia Dortmund
Nottingham Forest
Liverpool
Arsenal
Puszcza Niepołomice
Valencia
PSG
Olympique Marsylia
Young Boys
PSV
Ferencvarosi
Atletico Madryt
Szachtar Donieck
Aston Villa
Feyenoord
SV Hamburg
Rapid Wiedeń
Ajax Amsterdam
Zenit Petersburg
HJK Helsinki
Benfica
FC Porto
Juventus
 
Statystyki odpowiedzi
Odpowiedź % Poprawnych
Real Madryt
98%
FC Barcelona
96%
Manchester City
91%
Manchester united
91%
Inter Mediolan
90%
AC Milan
88%
Liverpool
82%
Bayern Monachium
81%
PSG
73%
Borussia Dortmund
66%
Juventus
61%
FC Porto
60%
Celtic
59%
Ajax Amsterdam
57%
Nottingham Forest
53%
Crvena Zvezda
49%
Olympique Marsylia
49%
Benfica
47%
Aston Villa
45%
Feyenoord
42%
SV Hamburg
41%
PSV
36%
FCSB
35%
Nie znaleziono quizów pasujących do podanych kryteriów
Rozkład punktacji
Procent ludzi z każdym wynikiem
Percentyl według liczby udzielonych odpowiedzi
Twoja historia wyników
Nie rozwiązałeś tego quizu